THE COHESION OR DILATION EFFECT ON THE SHEAR STRENGTH OF GRANITIC RESIDUAL SOIL

Bibliographic Details
Main Authors: Falorca, I. (Author), Pais, L. J. Andrade (Author), Ferreira Gomes, L. M. (Author), Carvalho, P. M. (Author), Cavaleiro, V. P. (Author)
Format: Article
Language:English

MARC

LEADER 00000nab a2200000 a 4500
001 vtls011732075
003 SK-MaSNL
005 20260303221643.0
008 230218|2011 xo |||||||||||||||||eng
015 |a SNBRB 
035 |a (urnnbn)urn:nbn:sk:snk:ar-a082sz 
035 |a urn:nbn:sk:snk-abf9lv 
035 |a (uuid)324839a5-df7b-4603-8d6b-5225d74cc458 
040 |a SNKBUCL  |b slo  |c SNKBUCL  |e AACR2 
041 0 |a eng 
044 |a xo  |c SK 
100 1 |a Falorca, I.  |4 aut  |9 1255417 
245 1 0 |a THE COHESION OR DILATION EFFECT ON THE SHEAR STRENGTH OF GRANITIC RESIDUAL SOIL  |c I. Falorca, L. J. Andrade Pais, L. M. Ferreira Gomes, P. M. Carvalho, V. P. Cavaleiro 
700 1 |a Pais, L. J. Andrade  |4 aut  |9 1255418 
700 1 |a Ferreira Gomes, L. M.  |4 aut  |9 1255419 
700 1 |a Carvalho, P. M.  |4 aut  |9 1255420 
700 1 |a Cavaleiro, V. P.  |4 aut  |9 1255421 
773 0 |t Komunikácie : vedecké listy Žilinskej univerzity  |g Roč. 13, č. 4 (2011), s. 102-108 
958 |a OND 
958 |a EUIPO 
958 |a article24 
999 |c 2235349  |d 2237279